000 01452cam a2200385 i 4500
008 150216s2013 tu b 001 0 tur d
010 _a 2013314878
020 _a9789944332521
020 _a9944332526
040 _aOSU
_beng
_cOSU
_dEYM
_dOCLCO
_dOCLCF
_dOCL
_dDLC
043 _aa-ai---
_aa-tu---
050 0 0 _aBX128.S86
_bA77 2013
092 0 4 _a322.109561
_bA783
_221
099 _a04
_a322.109561 A783
100 1 _aArslan, Ali,
_eauthor.
245 1 0 _aKadim Ermeni PapaLIGI :
_bEcmiyazin Kilisesi'nde stratejik savaslar /
_cProf. Dr. Ali Arslan.
246 3 0 _aEcmiyazin Kilisesi'nde stratejik savaslar
260 _aIstanbul :
_bIdil Yayincilik,
_c2013.
300 _a192 p. ;
_c21 cm
504 _aIncludes bibliographical references (p.183-188) and index.
610 2 0 _aCatholic Church
_zTurkey
_xHistory.
610 2 0 _aSurb Ejmiatsni Vankʻ
_xHistory.
610 2 0 _aSurb Ejmiatsni Vankʻ
_xPolitical activity
_xHistory.
650 0 _aReligion and politics
_zTurkey
_xHistory.
651 0 _aArmenia
_xRelations
_zTurkey.
651 0 _aEjmiatsin (Armenia)
_xPolitics and government.
651 0 _aTurkey
_xHistory
_yOttoman Empire, 1288-1918.
651 0 _aTurkey
_xRelations
_zArmenia.
856 4 1 _3Table of contents only
_uhttps://www.loc.gov/catdir/toc/fy16pdf03/2013314878.html
902 _a1
905 _aGhada
_eCat.
905 _aJihan
_eRev.
942 _2ddc
_cBK
999 _c151788
_d151788